000 00322pab a2200145 454500
008 180718b2001 xxu||||| |||| 00| 0 eng d
100 _aSieff, Michelle
245 _aWar criminals: watch out
260 _c2001
300 _ap.18-20
362 _aFeb
650 _aWar crimes
773 _aWorld Today
909 _a47732
999 _c47732
_d47732